000 01282namaa22003131i 4500
005 20260412135213.0
008 260412s1994 u a|||fr|m|| 000 0 eng d
040 _aEG-GICUC
_beng
_cEG-GICUC
_dEG-GICUC
_erda
041 0 _aeng
_beng
_bara
049 _aDeposit
097 _aM.Sc
099 _aCai01.11.32.M.Sc.1994.Ra.C
100 0 _aRamzi Mohamed R. El-Tahlawi ,
_epreparation.
245 1 0 _aChest Expansion In normal egyptian population /
_cBy Ramzi Mohamed R. El-Tahlawi ; Supervised .Prof .Dr. Fawkia M. Morsi , Dr. Amal H. Rizk ,
246 1 5 _aنسبة تمدد القفص الصدرى الطبيعى عند المصريين
264 0 _c1994
300 _a72 Leaves :
_billustrations ;
_c30 cm. +
336 _2rda content
_atext
337 _2rdamedia
_aUnmediated
338 _2rdacarrier
_avolume
502 _a Thesis (M.Sc.)-Cairo University, 1994
504 _aBibliography: pages 65 : 72
653 0 _aChest Expansion In normal egyptian population
700 0 _aFawkia M. Morsi
_ethesis advisor.
700 0 _aAmal H. Rizk
_ethesis advisor.
900 _D Department of Rheumatohogy And Rehabilitation
_F Faculty of Medicine
_UCairo University
_b1994
_c Fawkia M. Morsi
_cAmal H. Rizk
_dFawkia M. Morsi
905 _aNagat
942 _2ddc
_cTH
_e21
_n0
999 _c179428